| 000 | 00643nam a2200217Ia 4500 | ||
|---|---|---|---|
| 001 | 11483 | ||
| 003 | GE_BSU | ||
| 008 | 181216s||||||||xx |||||||||||||| ||und|| | ||
| 040 | _cGE_BSU | ||
| 080 | _a634:631.54+634:631.55 | ||
| 100 | _aკაჭარავა,პ. | ||
| 245 | _aხეხილის ბაღის მოვლა. | ||
| 245 | _cრედ:ი.მაღალაშვილი. | ||
| 260 | _aთბილისი. | ||
| 260 | _bსახელგამი. | ||
| 260 | _c1954. | ||
| 300 | _a85გვ;20სმ. | ||
| 300 | _eილ. | ||
| 653 | _aხეხილის ბაღის მოვლა. | ||
| 942 | _cBK | ||
| 999 |
_c44679 _d44679 |
||